Anagramm-Quiz: Länder Europas - Statistiken

Allgemein
  • Dieses Quiz wurde 326 mal gespielt
  • Das Durchschnittsergebnis liegt bei 12 aus 20
Antwortstatistiken
Country % Korrekt
Österreich
85%
Kosovo
82%
Monaco
81%
Polen
81%
Malta
77%
Schweden
76%
Luxemburg
74%
Italien
73%
Belgien
70%
Dänemark
70%
Finnland
70%
Schweiz
70%
Slowakei
69%
Rumänien
68%
Montenegro
65%
Spanien
61%
Deutschland
60%
Ungarn
59%
Island
57%
Norwegen
57%
Portugal
57%
Slowenien
55%
Andorra
53%
Irland
53%
Moldawien
53%
Ukraine
53%
Lettland
51%
Frankreich
49%
Serbien
48%
Liechtenstein
47%
Belarus
45%
Kroatien
44%
Russland
44%
Estland
43%
Litauen
43%
Niederlande
43%
Albanien
41%
Bulgarien
40%
Griechenland
33%
Keine übereinstimmenden Quizze gefunden
Verteilung der Resultate
Anzahl Personen mit jedem Resultat
Perzentil nach korrekt beantworteten Fragen
Ihre Resultats-Entwicklung
Sie haben dieses Quiz noch nicht gespielt